000 00702nam a22002172 4500
001 0000009351
005 20151217154412.0
008 080929s xx 000 0 eng d
020 _a0880220643 :
_cKES 200
040 _aKABU
_cKABU
100 1 _aGroff, James R.
_@0000154533
245 1 0 _aUnderstanding UNIX :
_ba conceptual guide /
_cJames R. Groff, Paul N. Weinberg.
260 _aIndianapolis :
_bQue Corporation,
_c1983.
300 _axvi, 233 p.
650 0 _aUNIX (Computer file)
_@0000154651
650 0 _aOperating systems (Computers)
_@0000146540
700 1 _aWeinberg, Paul N.
_@0000160623
908 _a080929
950 _@1
999 _c11028
_d11028